| 000 | 00915cam a2200229 4500 | ||
|---|---|---|---|
| 001 | WB3619-18 | ||
| 008 | 000000n2000 000 0 eng u | ||
| 035 | _a(Sirsi) u105983 | ||
| 245 | _aClimate change warning signals 'at red' | ||
| 260 | _c2000 | ||
| 490 |
_aGuardian _v 12 May 2000, 10(1) |
||
| 520 | _aThe government has received warnings from two advisory bodies on the environment that its policies are not nearly ambitious enough. Targets for reducing the pace of climate change and cutting traffic pollution and poverty should be priorities. | ||
| 590 | _aWB | ||
| 650 | _aUK ROUND TABLE ON SUSTAINABLE DEVELOPMENT | ||
| 650 | _aROYAL COMMISSION ON ENVIRONMENTAL POLLUTION | ||
| 650 | _aCLIMATE CHANGE | ||
| 650 | _aSUSTAINABLE DEVELOPMENT | ||
| 650 | _aTRAFFIC POLLUTION | ||
| 650 | _aGREENHOUSE GASES | ||
| 690 | _aENVIRONMENTAL AND LAND CONSULTANCY-ENVIRONMENTAL MANAGEMENT | ||
| 942 | _n0 | ||
| 999 |
_c63465 _d63465 |
||